Stadtteile von Kiel - Statistiken

Allgemein
  • Dieses Quiz wurde 648 mal gespielt
  • Das Durchschnittsergebnis liegt bei 13 aus 32
Antwortstatistiken
Hint Antwort % Korrekt
32 Wik
80%
18 Mettenhof
71%
15 Holtenau
65%
13 Hassee
61%
23 Russee
60%
6 Düsternbrook
57%
12 Gaarden-Süd
56%
11 Gaarden-Ost
54%
8 Elmschenhagen
52%
5 Dietrichsdorf
51%
10 Friedrichsort
49%
7 Ellerbek
48%
25 Schilksee
48%
1 Altstadt
47%
27 Suchsdorf
47%
30 Wellingdorf
43%
22 Ravensberg
42%
28 Südfriedhof
41%
3 Brunswik
37%
31 Wellsee
37%
26 Schreventeich
35%
17 Meimersdorf
32%
2 Blücherplatz
31%
21 Pries
30%
14 Hasseldieksdamm
29%
16 Kronsburg
24%
9 Exerzierplatz
23%
29 Vorstadt
20%
20 Neumühlen
18%
4 Damperhof
17%
24 Rönne
17%
19 Moorsee
10%
Keine übereinstimmenden Quizze gefunden
Verteilung der Resultate
Anzahl Personen mit jedem Resultat
Perzentil nach korrekt beantworteten Fragen
Ihre Resultats-Entwicklung
Sie haben dieses Quiz noch nicht gespielt